Дело о школьных сетях Алацковской и Кавастской волостей Лифляндской губернии Рижского учебного округа, финансовый план введения ...

Доступно только в Электронных читальных залах Найти на картеНа карте
RUSMARC
00003740nmc2a22002413x 450
001ea4061d9-95f6-4e67-a431-26331bbb9e3d
00520210802163845.0
100##$a20210212l19161916k l0rusy0189 ca
1010#$arus
102##$aRU
105##$ay###
1222#$ad
2001#$aДело о школьных сетях Алацковской и Кавастской волостей Лифляндской губернии Рижского учебного округа, финансовый план введения всеобщего обучения и приложения к этим документам
$j2 сентября - 17 октября 1916 г.
215##$a26 л.
$d38х27 см
251##$cДело
300##$aДело
371##$aДокумент не является опубликованным и широко распространяемым
461#0$1001a74412a3-3cc5-4d21-8f0a-dfe2fbd9e72d
$12001
$aДепартамент народного просвещения Министерства народного просвещения
$1251
$cФонд
$1852
$j733
462#0$100173c1669c-51d1-410e-a12d-e121acdd6a9e
$12001
$aДела о школьных сетях и финансовые планы
$1251
$cОпись
$1852
$j187
801#0$aRU
$bРГИА
$c20210212
$gRCR
801#1$aRU
$bГлавНИВЦ
$c20210212
$2rusmarc
801#2$aRU
$bПБ им. Б.Н. Ельцина
$c20210802
$gRCR
$2rusmarc
850##$aРГИА
852##$aРГИА
$eФедеральное казенное учреждение "Российский государственный исторический архив" (РГИА)
$j1053
937##$hРГИА
$d12356632
$aASBIBLIO_SCAN
035##$aRusGRCC00023660
856##$uhttp://readingroom.main.prlib.ru/item.aspx?id_node=n166859665&mode=full
Формат отображения